000 00810nam a22002177a 4500
999 _c8024
_d8024
003 AR-CdUCM
008 190322b ||||| |||| 00| 0 spa d
040 _aMUNICIPALIDAD PROVINCIAL DEL CUSCO
_cBIBLIOTECA MUNICIPAL DEL CUSCO
082 _a910.985 /
_bO47
100 _aOrtiz, Dionisio,O.F.M.
_922678
245 _aChanchamayo :
_bEstudio de una región de la selva del Perú /
260 _aLima :
_bs.n.,
_c1969.
300 _a2t. ;
_c24 cm.
505 _aContenido : t.1: La montaña de Chanchamayo en el siglo XVII - La montaña de Chanchamayo en el siglo XVIII... -- t.2: La montaña de Chanchamayo en el siglo XX
650 _aHistoria del Perú
_9259
650 _aChanchamayo
_922679
650 _aSelva del Perú
_922680
650 _aDesarrollo
_92021
942 _2ddc
_cLIBROS
945 _admma